| 000 -LEADER |
| fixed length control field |
00846nam a2200229Ia 4500 |
| 001 - CONTROL NUMBER |
| control field |
15594 |
| 003 - CONTROL NUMBER IDENTIFIER |
| control field |
GE_BSU |
| 008 - FIXED-LENGTH DATA ELEMENTS--GENERAL INFORMATION |
| fixed length control field |
181216s||||||||xx |||||||||||||| ||und|| |
| 040 ## - CATALOGING SOURCE |
| Transcribing agency |
GE_BSU |
| 080 ## - UNIVERSAL DECIMAL CLASSIFICATION NUMBER |
| Universal Decimal Classification number |
821.353.1-92 + 821.353.1-4 |
| 100 ## - MAIN ENTRY--PERSONAL NAME |
| Personal name |
წულეისკირი, ნოდარ |
| 245 ## - TITLE STATEMENT |
| Title |
მთისა და ბარისა |
| 245 ## - TITLE STATEMENT |
| Remainder of title |
პუბლ. წერილები და ნარკვევები |
| 245 ## - TITLE STATEMENT |
| Statement of responsibility, etc. |
რედ.ნინო ახალკაცი. მხატვ.ც. გაჩეჩილაძე |
| 260 ## - PUBLICATION, DISTRIBUTION, ETC. |
| Place of publication, distribution, etc. |
თბილისი |
| 260 ## - PUBLICATION, DISTRIBUTION, ETC. |
| Name of publisher, distributor, etc. |
მერანი |
| 260 ## - PUBLICATION, DISTRIBUTION, ETC. |
| Date of publication, distribution, etc. |
1987 |
| 300 ## - PHYSICAL DESCRIPTION |
| Extent |
268გვ. ; 20სმ. |
| 653 ## - INDEX TERM--UNCONTROLLED |
| Uncontrolled term |
მთისა და ბარისა |
| 653 ## - INDEX TERM--UNCONTROLLED |
| Uncontrolled term |
პუბლ. წერილები და ნარკვევები |
| 942 ## - ADDED ENTRY ELEMENTS (KOHA) |
| Koha item type |
წიგნი |